Pár sekúnd na rozhodnutie s Martinom Voglom o vnímaní potrieb klienta a predaja produktov

S Martinom Voglom, generálnym riaditeľom Axa pre Česko a Slovensko, v rozhovore o finančných službách a atraktívnejších produktoch pre klienta.

Salvato in:
Dettagli Bibliografici
Autore principale: Škriniar, Pavel, 1979-
Altri autori: Vogl, Martin
Natura: Capitolo di libro
Lingua:slovacco
Soggetti:
Tags: Aggiungi Tag
Nessun Tag, puoi essere il primo ad aggiungerne!!

MARC

LEADER 00000naa a2200000 4500
001 0146003
005 20240502072632.2
041 0 |a slo 
044 |a SK 
245 1 0 |a Pár sekúnd na rozhodnutie  |b s Martinom Voglom o vnímaní potrieb klienta a predaja produktov  |c Pavel Škriniar 
520 |a S Martinom Voglom, generálnym riaditeľom Axa pre Česko a Slovensko, v rozhovore o finančných službách a atraktívnejších produktoch pre klienta. 
610 2 0 |a riaditelia 
610 2 0 |a riadenie vrcholové 
610 2 0 |a metódy riadenia 
610 2 0 |a nástroje riadenia 
610 2 0 |a vedenie ľudí 
610 2 0 |a poisťovne 
100 1 |a Škriniar, Pavel, 1979- 
700 1 |a Vogl, Martin